Todas as collabs do brawl stars - Statistics

Estatísticas Gerais
  • Esse quiz foi jogado 17 vezes
    4 desde o último reset
  • A pontuação média é 11 de 18
Estatísticas das Respostas
Hint Resposta % Correto
Tubarão amarelo que canta Baby shark
100%
Um abacaxi que mora no mar.... Bob esponja
100%
Jogo da supercell que você tá numa vila Clash of clans
100%
Jogo da supercell que você tem que derrotar torres Clash royale
100%
Dinossauro mutante Godzilla
100%
Youtuber famoso que tem muito dinheiro Mr beast
100%
Jogo da supercell que tem um crossover massa Squad busters
100%
Demogordon Stranger Things
100%
Ao infinito e alem Toy story
100%
Jogo de cartas famoso UNO
100%
Mascotes coreanos que foi feitos por k popers BTS
50%
Menino que corre atrás de um guarda Subway surfers
50%
Dois ursos que e amigo de um careca koreano Boonie bears
0%
Anime japonês muito famoso Evangelion
0%
Is My name is...... Johnn cena
0%
Um urso marrom que amigo de um pintinho Line friends
0%
Vários time de futebol...... Time de futebol
0%
Super herói que mora Japão e tem um filme na netflix Ultraman
0%
Nenhum quiz correspondente encontrado
Distribuição das Pontuações
Porcentagem de Pessoas com Cada Pontuação
Percentil de Números Respondidos
Sua Pontuação Histórica
Você não jogou esse quiz desde o último reset